| 000 | 00476nam a2200145 4500 | ||
|---|---|---|---|
| 999 |
_c11445 _d11445 |
||
| 008 | 181204b ||||| |||| 00| 0 eng d | ||
| 022 | _a2094-8042 | ||
| 082 | _aDPer 050 T48 Apr-June 2016 v. 187, n. 12-24 | ||
| 100 |
_932813 _aBourdain, Anthony |
||
| 245 |
_aRoy Choi: _bculinary trailblazer/ _cAnthony Bourdain. |
||
| 260 |
_aHong Kong; _bTime Asia, _cc2016. |
||
| 300 |
_av187 n16-17, page 26: _billustrations; _c27 cm. |
||
| 650 | 0 |
_932816 _aCooking _xChef. |
|
| 942 |
_2ddc _cPER |
||